000 00672nam a22002297a 4500
005 20260313145856.0
008 250520b |||||||| |||| 00| 0 eng d
037 _cTB
040 _aLCT
_cLCT
041 _2eng
_geng
_heng
084 _aZ2,2 P6;Q7
100 _aSaxena, Poonam Pradhan
_9784480
245 _aProperty Law/
250 _a3th ed.
260 _aGurgaon, India:
_bLexis Nexis,
_c2018(rp)
300 _aclxxxiv, 682p.
650 _aLaw
_9683450
650 _a Property Law
_9784481
650 _aTransfer of Property Act, 1882
_9784482
650 _aimmovable property
_9734998
942 _2CC
_cTB
_hZ2,2 P6;Q7
_n0
999 _c1428923
_d1428923